000 00794nam a2200241 i 4500
003 DO-SdBNP
005 20250205115835.0
007 ta
008 230809n2008 dr ||||| |||| 00| 0 spa d
040 _aDO-SdBNP
_bspa
_cBNPHU
_erda
082 4 _axxxx
_bL583
_222
110 1 _aRepública Dominicana.
_bSecretaría de Estado de Educación, Bellas Artes y Cultos
_923965
245 1 0 _aLeonel Fernández el estadista /
_cDiomedes Remigio
264 1 _aSanto Domingo :
_bEditora Centenario,
_c2008.
300 _a291 páginas :
_bilustraciones ;
_c24 cm.
336 _atexto
_btxt
_2rdacontent
337 _asin mediación
_bn
_2rdamedia
338 _avolumen
_bnc
_2rdacarrier
590 _aInventariado 2023 / DG
700 1 _aBrugal, Carmen,
_eautor
_4aut.
_983971
910 _aDG
942 _2ddc
_cLBS1
999 _c54440
_d54440